Holiday Quiz

Random Holiday or Grab Bag Quiz

Mothers in Every Category Quiz Stats

 Plays Quiz Updated May 13, 2018

Challenge
Share
Tweet
Embed
Score 0/30 Timer 10:00
2 Plays Today
Question Answer % Correct
'A boy's best friend is his mother', according to Norman Bates in what movie?Psycho
86.2%
Freudian ____ : When you say one thing, but mean your motherslip
83%
What is the term for an insect who is typically the mother of all new insects in her hive or colony?queen
80.6%
What notable figure from the world of music is the mother of musician Sean Lennon?Yoko Ono
80.5%
What phrase meaning 'nourishing mother' is often used to refer to a college that an individual has attended?alma mater
80%
What prefix meaning 'heat' that can precede 'dynamics' or 'stat' is an anagram of the word 'mother'?thermo-
77.1%
Sarah Connor, the resourceful mother of John Connor, features prominently in what movie franchise?Terminator
75.4%
What U.S. highway running from Chicago to California was known as the 'Mother Road' in its heyday?Route 66
74.2%
What reproductive cell is the mother's contribution to the development of a new organism among mammals?ovum
74.2%
Word ladder rung between MOTHER and FATHER: Cotton ______MATHER
72.9%
What musical features the selfless mother Fantine, who gives her daughter Cosette to Jean Valjean’s care upon her death?Les Misérables
71.3%
Gertrude is the mother of what Shakespearean protagonist?Hamlet
69.5%
What famous figure is the mother of actress Liza Minnelli?Judy Garland
67%
What TV mother has been described as 'a lovely lady who was bringing up three very lovely girls'?Carol Brady
65.6%
Who is the only Nobel laureate to date who is also the mother of a Nobel laureate? Her husband won one as well.Marie Curie
61.4%
Question Answer % Correct
What name shared by several major mountain ranges in Mexico (running along the country's east, west, and south) includes the Spanish word for mother?Sierra Madre
61%
The modern American holiday of Mother's Day has its origins in what U.S. state (perhaps once accurately referred to as 'Mountain Mama' by John Denver)?West Virginia
60.9%
Which of the five culinary 'mother sauces' has an egg yolk and butter base and may have been named for the occasion of a state visit of the King of the Netherlands to France?Hollandaise
58.5%
What TV show features matriarch Lucille Bluth, mother of Michael, G.O.B., and Buster?Arrested Development
57.2%
What Biblical matriarch was the mother of Isaac and wife of Abraham?Sarah
56.9%
Mãe is the word for mother in what Romance language?Portuguese
54.4%
'The Joy Luck Club', which tells the stories of four sets of Chinese immigrant mothers and their daughters, was written by what American author?Amy Tan
49%
What traditional song most famously performed by The Animals reminisces, “My mother was a tailor – she sewed my new blue jeans”?The House of the Rising Sun
41.6%
What Greek goddess of the harvest is the mother of Persephone?Demeter
38.3%
What March 8 holiday (honoring all females) fills a role similar to that of Mother's Day in many countries, particularly those with a communist or socialist legacy?International Women's Day
36.4%
Elizabeth of ____, the mother of Henry VIII, was a member of what royal house removed from the throne following the Wars of the Roses?York
33.4%
What Oklahoma City Thunder star famously called his mother 'the real MVP' when accepting the NBA's 2013-14 Most Valuable Player award?Kevin Durant
32.8%
Mother Brain, a leader of the Space Pirates and foe of Samus Aran, is a major antagonist in what video game series?Metroid
20.9%
What Belgian tennis player became the first mother since 1980 to win a major when she won the 2009 U.S. Open?Kim Clijsters
17.7%
What is the North American title of the quirky RPG featuring main character Ness that was originally released as 'Mother 2' in Japan?EarthBound
11.2%

You're not logged in!

Compare scores with friends on all Sporcle quizzes.
OR
Log In

You Might Also Like...

Show Comments

Extras

Top Quizzes Today


Score Distribution

Your Account Isn't Verified!

In order to create a playlist on Sporcle, you need to verify the email address you used during registration. Go to your Sporcle Settings to finish the process.

Report this User

Report this user for behavior that violates our Community Guidelines.

Details: